000 01211nam0a2200313 4500
001 RU\NLR\bibl\1383435
005 20260409071057.0
010 _a978-5-87210-190-1
_91500
021 _aRU
_b2009-31915
_91929
035 _a(NLR Aleph) 001375510
090 _a1068853
_c1068853
100 _a20090618d2008 |||y0rusy50 ca
101 1 _arus
_cund
102 _aRU
105 _ac |||||||||
200 1 _aСто стихов, сто писем
_fСатсварупа Дас Госвами, Химавати деви даси
_g[пер. - Химавати д.д., Намамрита д.]
210 _aМосква
_cГита-Нагари Пресс
_d2008
215 _a478, [2] c., [2] л. цв. портр.
_d21
606 _aКришнаизм
_3RU\NLR\auth\66487468
_91203333
686 _aЭ331.8
686 _aШ6(5Ид)67-5я44{Лх2140}
700 0 _4070
_8rus
_7ca
_aСатсварупа даса Госвами
_f1939-
_3RU\NLR\AUTH\779341
_9119174
701 1 _4070
_8rus
_7ca
_aХимавати деви даси
_f-2006
_3RU\NLR\AUTH\7788909
_971837
801 0 _aRU
_bNLR
_c20090618
_gRCR
801 1 _aRU
_bNLR
_c20090618
942 _cBOOK
980 _aNB